| 000 | 00607nam a22002057a 4500 | ||
|---|---|---|---|
| 005 | 20251108165352.0 | ||
| 008 | 250721s1994 xx 000 0 ara d | ||
| 082 | 1 | 4 | _aم/922.13/أسع |
| 100 | 1 | _aتيم، أسعد سالم | |
| 245 | 1 | 0 |
_aعلم طبقات المحدثين : _bأهميته و فوائده / |
| 264 | 1 |
_aالرياض : _bمكتبة الرشد، _c1994. |
|
| 300 | _a224ص | ||
| 650 | 1 | 7 | _aالمحدثون |
| 650 | 1 | 7 | _aرجال الحديث |
| 650 | 1 | 7 | _aالتراجم |
| 650 | 1 | 7 | _aالإسلام |
| 650 | 1 | 7 | _aالحديث الشريف |
| 942 |
_2ddc _cREF |
||
| 999 |
_c26245 _d26245 |
||